DELENIE STRYCHNÍNU A BRUCÍNU V SÚSTAVE HYDROTROPNÉHO VODNÉHO ROZTOKU SALICYLANU SODNÉHO A CHLOROFORMU

Bibliographic Details
Main Authors: Krasnec, Ľudovít, 1913-1990 (Author), Šaršúnová, Magda, 1920-2009 (Author)
Format: Article
Language:Slovak

MARC

LEADER 00000nab a2200000uu 4500
001 vtls011452950
003 SK-MaSNL
005 20260304030256.0
008 250310|1962 xo |||||||||||||||||slo|
015 |a SNBRB 
035 |a (urnnbn)urn:nbn:sk:snk:ar-007yax 
035 |a (uuid)a7889eb4-57d2-4119-89c2-89c0528fc40e 
035 |a urn:nbn:sk:snk-abcokd 
040 |a SNKBUCL  |b slo  |c SNKBUCL  |e AACR2 
041 0 |a slo 
044 |a xo  |c SK 
100 1 |a Krasnec, Ľudovít,  |d 1913-1990  |4 aut  |9 38556 
245 1 0 |a DELENIE STRYCHNÍNU A BRUCÍNU V SÚSTAVE HYDROTROPNÉHO VODNÉHO ROZTOKU SALICYLANU SODNÉHO A CHLOROFORMU  |c L. Krasnec, M. Šaršúnová 
700 1 |a Šaršúnová, Magda,  |d 1920-2009  |4 aut  |9 196797 
773 0 |t Farmaceutický obzor : odborný časopis Ministerstva zdravotníctva Slovenskej republiky a Slovenskej zdravotníckej univerzity v Bratislave  |g Roč. 31, č. 8 (1962), s. 341-347 
958 |a OND 
958 |a EUIPO 
958 |a article16 
999 |c 2633113  |d 2635043